The position of women in Hindu civilization / (Record no. 56074)

MARC details
000 -LEADER
fixed length control field 02012nam a22002777a 4500
005 - DATE AND TIME OF LATEST TRANSACTION
control field 20110829095733.0
010 ## - LCCN (DPL NO)
LC control number B-442820-824 B-442835-836
020 ## - INTERNATIONAL STANDARD BOOK NUMBER
Terms of availability 995.00
International Standard Book Number 9789380748153
035 ## - SYSTEM CONTROL NUMBER
System control number B-442820-824 B-442835-836
037 ## - SOURCE OF ACQUISITION
Source of stock number/acquisition RBC/Ven
082 00 - DEWEY DECIMAL CLASSIFICATION NUMBER
Classification number 305.40954
100 1# - MAIN ENTRY--PERSONAL NAME
Personal name Krishna Kumari
245 14 - TITLE STATEMENT
Title The position of women in Hindu civilization /
Statement of responsibility, etc by Krishna Kumari
260 ## - PUBLICATION, DISTRIBUTION, ETC. (IMPRINT)
Place of publication, distribution, etc New Delhi :
Name of publisher, distributor, etc Mohit Books International
Date of publication, distribution, etc 2011
300 ## - PHYSICAL DESCRIPTION
Extent vii, 304p.
Dimensions 22 cm. (Hb)
500 ## - GENERAL NOTE
General note Includes bibliographical references and index.
942 ## - ADDED ENTRY ELEMENTS (KOHA)
Source of classification or shelving scheme Dewey Decimal Classification
Item type English Books
Classification part 305.40954
Call number suffix KRI
Holdings
Withdrawn status Lost status Not for loan Collection code Home library Current library Date acquired Source of acquisition Cost, normal purchase price Full call number Barcode Copy number Cost, replacement price Koha item type
      Non-fiction Central Library Central Library 06/09/2011 RBC-25814/2011-12/12.7.11/76/4.3.11/18.7.11 995.00 305.40954 KRI B-442820 1 995.00 English Books
      Non-fiction Janak Puri Janak Puri 06/09/2011 RBC-25814/2011-12/12.7.11/76/4.3.11/18.7.11 995.00 305.40954 KRI B-442822 1 995.00 English Books
      Non-fiction Karol Bagh Karol Bagh 06/09/2011 RBC-25814/2011-12/12.7.11/76/4.3.11/18.7.11 995.00 305.40954 KRI B-442835 1 995.00 English Books
      Non-fiction Patel Nagar Patel Nagar 06/09/2011 RBC-25814/2011-12/12.7.11/76/4.3.11/18.7.11 995.00 305.40954 KRI B-442821 1 995.00 English Books
      Non-fiction Sarojini Nagar Sarojini Nagar 06/09/2011 RBC-25814/2011-12/12.7.11/76/4.3.11/18.7.11 995.00 305.40954 KRI B-442823 1 995.00 English Books
      Non-fiction Shahdara Branch Shahdara Branch 06/09/2011 RBC-25814/2011-12/12.7.11/76/4.3.11/18.7.11 995.00 305.40954 KRI B-442836 1 995.00 English Books
      Non-fiction Vinoba Puri Vinoba Puri 06/09/2011 RBC-25814/2011-12/12.7.11/76/4.3.11/18.7.11 995.00 305.40954 KRI B-442824 1 995.00 English Books

© Delhi Public Library
Hit Counter
free hit counter